Heart of the storm (Record no. 140186)

MARC details
000 -LEADER
fixed length control field 00649nam a2200241 i 4500
001 - CONTROL NUMBER
control field C2-0343315
003 - CONTROL NUMBER IDENTIFIER
control field PPAK
005 - DATE AND TIME OF LATEST TRANSACTION
control field 20180728144523.0
008 - FIXED-LENGTH DATA ELEMENTS--GENERAL INFORMATION
fixed length control field 170919s2017 mau |||| ||||| | eng d
020 ## - INTERNATIONAL STANDARD BOOK NUMBER
International Standard Book Number 9780544348677
040 ## - CATALOGING SOURCE
Original cataloging agency PPAK
Language of cataloging eng
Transcribing agency PPAK
Description conventions rda
082 04 - DEWEY DECIMAL CLASSIFICATION NUMBER
Classification number 823
Edition number 23
090 00 - LOCALLY ASSIGNED LC-TYPE CALL NUMBER (OCLC); LOCAL CALL NUMBER (RLIN)
Classification number (OCLC) (R) ; Classification number, CALL (RLIN) (NR) 823
Feature heading BUC
Feature heading G
100 1# - MAIN ENTRY--PERSONAL NAME
Personal name Buckley, Michael,
Relator term author
245 10 - TITLE STATEMENT
Title Heart of the storm
264 #1 - PRODUCTION, PUBLICATION, DISTRIBUTION, MANUFACTURE, AND COPYRIGHT NOTICE
Place of production, publication, distribution, manufacture Boston, Massachusetts :
Name of producer, publisher, distributor, manufacturer Houghton Mifflin Harcourt ,
Date of production, publication, distribution, manufacture, or copyright notice 2017
300 ## - PHYSICAL DESCRIPTION
Extent 304 pages ;
Dimensions 22 cm
336 ## - CONTENT TYPE
Source rdacontent
Content type term text
337 ## - MEDIA TYPE
Source rdamedia
Media type term unmediated
338 ## - CARRIER TYPE
Source rdacarrier
Carrier type term volume
650 10 - SUBJECT ADDED ENTRY--TOPICAL TERM
Topical term or geographic name entry element English fiction.
942 ## - ADDED ENTRY ELEMENTS (KOHA)
-- dc
Koha item type Book
Holdings
Withdrawn Not for loan Current library Shelving location Date acquired Total Checkouts Total Renewals Full call number Barcode Date last seen Date last checked out Koha item type
    Perpustakaan Alor Setar Pinjaman Dewasa 04/10/2017 2 1 823 BUC A01536159 16/01/2020 16/01/2020 Book
    Perpustakaan Awam Sungai Petani Pinjaman Dewasa 04/10/2017 2   823 BUC A01536160 08/07/2020 14/03/2020 Book
    Perpustakaan Kulim Pinjaman Dewasa 04/10/2017 3   823 BUC A01536161 13/07/2024 26/06/2024 Book
    Perpustakaan Langkawi Pinjaman Dewasa 04/10/2017 1   823 BUC A01536162 25/02/2020 16/02/2020 Book